[Event "XXVII Memorial Edoardo Crespi A"]
[Site "Milano ITA"]
[Date "2006.12.08"]
[Round "3"]
[White "Salvador, Roland"]
[Black "Sgnaolin, Davide"]
[Result "1-0"]
[WhiteElo "2455"]
[BlackElo "2144"]
[PlyCount "53"]
[EventDate "2006.12.07"]

1. d4 Nf6 2. Nf3 c5 3. d5 b5 4. Bg5 d6 5. e4 Qa5+ 6. Nbd2 g6 7. a4 bxa4 8. c3
Bg7 9. Nc4 Qd8 10. Bxf6 Bxf6 11. Qxa4+ Kf8 12. Qa5 Qxa5 13. Rxa5 Nd7 14. Bd3
Bb7 15. Kd2 Nb6 16. Rha1 Nxc4+ 17. Bxc4 Kg7 18. Rxa7 Rxa7 19. Rxa7 Rb8 20. Kc2
g5 21. Nd2 Be5 22. h3 h5 23. Be2 Kg6 24. Nc4 Bh2 25. Na5 Ba8 26. Rxe7 Kf6 27.
Rd7 1-0

[Event "XXVII Memorial Edoardo Crespi A"]
[Site "Milano ITA"]
[Date "2006.12.08"]
[Round "3"]
[White "Sardo, Gabriele"]
[Black "Festa, Samuele"]
[Result "1-0"]
[WhiteElo "2258"]
[BlackElo "2017"]
[PlyCount "109"]
[EventDate "2006.12.07"]

1. e4 c5 2. Nf3 g6 3. c4 Bg7 4. d4 cxd4 5. Nxd4 Nc6 6. Be3 Nf6 7. Nc3 O-O 8.
Be2 d6 9. O-O Bd7 10. Rc1 Nxd4 11. Bxd4 Bc6 12. f3 a5 13. Rf2 Nd7 14. Bxg7 Kxg7
15. Qd4+ Kg8 16. Bf1 Rc8 17. f4 Qb6 18. Qxb6 Nxb6 19. g3 Na4 20. Nxa4 Bxa4 21.
b3 Bd7 22. Rd1 Rc5 23. e5 Bg4 24. Be2 Bxe2 25. Rxe2 dxe5 26. Rxe5 Rxe5 27. fxe5
Rb8 28. Rd5 a4 29. b4 Rc8 30. c5 Kf8 31. Kf2 Ke8 32. Ke3 Rc6 33. Kd4 f6 34. Kc4
fxe5 35. Rxe5 Rf6 36. Kb5 Kd7 37. h4 Ra6 38. Re3 a3 39. Kc4 Ra8 40. Kb3 e6 41.
b5 Re8 42. Kxa3 e5 43. Kb4 Ke6 44. a4 Rd8 45. c6 b6 46. a5 Rd4+ 47. Kc3 Rd5 48.
a6 Rxb5 49. a7 Ra5 50. Rxe5+ Kxe5 51. c7 Rxa7 52. c8=Q Ra3+ 53. Kc4 Rf3 54.
Qe8+ Kf5 55. Qd7+ 1-0

[Event "XXVII Memorial Edoardo Crespi A"]
[Site "Milano ITA"]
[Date "2006.12.08"]
[Round "3"]
[White "Stips, Felix"]
[Black "Ferretti, Folco"]
[Result "0-1"]
[WhiteElo "1944"]
[BlackElo "2291"]
[PlyCount "86"]
[EventDate "2006.12.07"]

1. e4 d6 2. d4 Nf6 3. Nc3 e5 4. dxe5 dxe5 5. Qxd8+ Kxd8 6. Bc4 Ke8 7. Nf3 Bd6
8. Ng5 Rf8 9. f3 h6 10. Nh3 Be6 11. Bxe6 fxe6 12. Nb5 Nc6 13. Nxd6+ cxd6 14. c3
d5 15. exd5 exd5 16. Be3 Kf7 17. O-O-O Rfd8 18. Rd3 b5 19. Rhd1 a5 20. b3 Rac8
21. Kb2 b4 22. c4 d4 23. Bg1 Nd7 24. R3d2 Nc5 25. Nf2 a4 26. Nd3 Nxd3+ 27. Rxd3
axb3 28. axb3 Ra8 29. R3d2 Ra3 30. f4 Na5 31. fxe5 Rxb3+ 32. Ka2 Ra3+ 33. Kb1
Nxc4 34. Rxd4 Rb3+ 35. Kc2 Rb2+ 36. Kd3 Nxe5+ 37. Ke4 Re8 38. Kf4 Re7 39. R4d2
Rxd2 40. Rxd2 b3 41. Rd5 b2 42. Rb5 Nd3+ 43. Kf5 Re5+ 0-1

[Event "XXVII Memorial Edoardo Crespi A"]
[Site "Milano ITA"]
[Date "2006.12.08"]
[Round "3"]
[White "Tagliagambe, Stefano"]
[Black "Virzi, Ettore"]
[Result "1/2-1/2"]
[WhiteElo "2050"]
[BlackElo "1967"]
[PlyCount "36"]
[EventDate "2006.12.07"]

1. Nf3 Nf6 2. c4 e6 3. g3 d5 4. Bg2 Nbd7 5. b3 Be7 6. O-O O-O 7. Bb2 c6 8. d4
b6 9. Nbd2 Ba6 10. Qc2 Rc8 11. Rac1 c5 12. dxc5 Bxc5 13. Qb1 Qe7 14. e4 Nxe4
15. Nxe4 dxe4 16. Qxe4 Nf6 17. Qc2 h6 18. Ne5 Bb7 1/2-1/2

[Event "XXVII Memorial Edoardo Crespi A"]
[Site "Milano ITA"]
[Date "2006.12.08"]
[Round "3"]
[White "Valsecchi, Alessio"]
[Black "Colica, Daniele"]
[Result "1-0"]
[WhiteElo "2030"]
[BlackElo "1907"]
[PlyCount "71"]
[EventDate "2006.12.07"]

1. e4 Nf6 2. e5 Nd5 3. d4 d6 4. Nf3 Bg4 5. Bc4 e6 6. h3 Bxf3 7. Qxf3 Nc6 8.
Bxd5 exd5 9. O-O dxe5 10. dxe5 Nd4 11. Qd3 Ne6 12. Qb5+ c6 13. Qxb7 Qc8 14.
Qxc8+ Rxc8 15. c3 Bc5 16. Nd2 O-O 17. Nb3 Bb6 18. a4 a6 19. Be3 c5 20. Rad1
Rfd8 21. f4 d4 22. cxd4 cxd4 23. Bc1 Nc5 24. Nxc5 Rxc5 25. b4 Rc2 26. a5 Ba7
27. Rd3 Rdc8 28. Bd2 Rb2 29. f5 Rcc2 30. Rf2 Kf8 31. f6 Rc3 32. Bxc3 Rxf2 33.
Kxf2 dxc3+ 34. Ke2 gxf6 35. exf6 Ke8 36. Rxc3 1-0

[Event "XXVII Memorial Edoardo Crespi A"]
[Site "Milano ITA"]
[Date "2006.12.08"]
[Round "3"]
[White "Vignoli, Matteo"]
[Black "Bonade', Massimo"]
[Result "0-1"]
[WhiteElo "1975"]
[BlackElo "2097"]
[PlyCount "76"]
[EventDate "2006.12.07"]

1. e4 c5 2. Nf3 d6 3. d4 cxd4 4. Nxd4 Nf6 5. Nc3 a6 6. Be3 e5 7. Nb3 Be6 8. f3
Nbd7 9. g4 h6 10. Qd2 Be7 11. O-O-O b5 12. Nd5 Bxd5 13. exd5 Nb6 14. Bxb6 Qxb6
15. h4 O-O 16. Kb1 a5 17. g5 Nh5 18. gxh6 g6 19. Nc1 b4 20. Bd3 a4 21. Ne2 b3
22. cxb3 axb3 23. a3 Kh7 24. Rc1 Rfc8 25. Rc3 Bf8 26. Qg5 Rxc3 27. Nxc3 Nf4 28.
Bb5 Qf2 29. Rc1 Qxf3 30. Qf6 Ra7 31. h5 Qxh5 32. Qd8 Qf5+ 33. Ka1 Bxh6 34. Qb8
Ra5 35. Qxd6 Ne2 36. Rh1 Nxc3 37. Qf8 Qf4 38. Be8 Nxd5 0-1

[Event "XXVII Memorial Edoardo Crespi A"]
[Site "Milano ITA"]
[Date "2006.12.08"]
[Round "3"]
[White "Vincenzi, Marco"]
[Black "Pace, Pietro Dario"]
[Result "0-1"]
[WhiteElo "2065"]
[BlackElo "2233"]
[PlyCount "40"]
[EventDate "2006.12.07"]

1. e4 c5 2. Nf3 Nc6 3. d4 cxd4 4. Nxd4 Nf6 5. Nc3 e5 6. Ndb5 d6 7. Bg5 a6 8.
Na3 b5 9. Bxf6 gxf6 10. Nd5 f5 11. Nxb5 axb5 12. Bxb5 Bd7 13. exf5 Rb8 14. a4
Qg5 15. Qf3 Nd4 16. Qc3 Bxb5 17. axb5 Qxg2 18. Nc7+ Kd8 19. Qa5 Qe4+ 20. Kd2
Qxc2+ 0-1

[Event "XXVII Memorial Edoardo Crespi A"]
[Site "Milano ITA"]
[Date "2006.12.09"]
[Round "4"]
[White "Amato, Andrea"]
[Black "Giancotti, Eraldo"]
[Result "1-0"]
[WhiteElo "2263"]
[BlackElo "2058"]
[PlyCount "57"]
[EventDate "2006.12.07"]

1. e4 d6 2. d4 Nf6 3. Nc3 c6 4. Nf3 g6 5. Be2 Bg7 6. O-O O-O 7. a4 a5 8. h3 Na6
9. Be3 Nb4 10. Ne1 Qc7 11. f4 e5 12. Bf3 b6 13. Ne2 exd4 14. Bxd4 d5 15. e5 Ne4
16. c3 Na6 17. c4 Bb7 18. cxd5 cxd5 19. Rc1 Qd8 20. Nd3 Rb8 21. Nc3 Ng3 22. Re1
Nf5 23. Bf2 Bc6 24. Nb5 Qd7 25. Qb3 Rfd8 26. Re2 Bf8 27. e6 Qb7 28. exf7+ Kh8
29. Qc3+ 1-0

[Event "XXVII Memorial Edoardo Crespi A"]
[Site "Milano ITA"]
[Date "2006.12.09"]
[Round "4"]
[White "Arboscelli, Gregorio"]
[Black "Tagliagambe, Stefano"]
[Result "1/2-1/2"]
[WhiteElo "1923"]
[BlackElo "2050"]
[PlyCount "87"]
[EventDate "2006.12.07"]

1. d4 Nf6 2. c4 a6 3. Nc3 c5 4. d5 b5 5. cxb5 axb5 6. Nxb5 Qa5+ 7. Nc3 Bb7 8.
Bd2 Qb6 9. e4 e6 10. Bc4 Nxe4 11. dxe6 fxe6 12. f3 Nxd2 13. Qxd2 Be7 14. Nge2
O-O 15. b3 Qd8 16. O-O d5 17. Bd3 Nc6 18. Rad1 Bd6 19. Nb5 Bb8 20. a4 Ne5 21.
Qc2 Nxd3 22. Rxd3 Qb6 23. Kh1 Ba6 24. Rc3 Bxb5 25. axb5 Bd6 26. f4 Bxf4 27.
Rcf3 Bd6 28. Rxf8+ Rxf8 29. Rxf8+ Bxf8 30. Qd3 Qa5 31. g3 Qa1+ 32. Kg2 Qa8 33.
Qf3 e5 34. Nc3 e4 35. Qf5 d4 36. Qxe4 Qa5 37. Qe6+ Kh8 38. Ne4 Qxb5 39. Ng5 h6
40. Nf7+ Kh7 41. Ne5 Qe2+ 42. Kg1 Qe1+ 43. Kg2 Qe2+ 44. Kg1 1/2-1/2

[Event "XXVII Memorial Edoardo Crespi A"]
[Site "Milano ITA"]
[Date "2006.12.09"]
[Round "4"]
[White "Barberi, Alessandro"]
[Black "Valsecchi, Alessio"]
[Result "1-0"]
[WhiteElo "2147"]
[BlackElo "2030"]
[PlyCount "107"]
[EventDate "2006.12.07"]

1. d4 Nf6 2. c4 c5 3. d5 e6 4. Nc3 exd5 5. cxd5 d6 6. e4 g6 7. Bd3 Bg7 8. Nge2
O-O 9. O-O a6 10. a4 Kh8 11. h3 Ng8 12. Ng3 b6 13. f4 Ra7 14. Qf3 Qe8 15. Bd2
Re7 16. Rfe1 Bd7 17. Qf1 Qc8 18. Rab1 f5 19. exf5 Bxf5 20. Nxf5 gxf5 21. Rxe7
Nxe7 22. Re1 Ng6 23. Re6 Nh4 24. g3 Ng6 25. Qe2 Rg8 26. Kh2 Nf8 27. Bxf5 Nxe6
28. Qh5 h6 29. dxe6 Qe8 30. Qe2 Qf8 31. Bd3 Bf6 32. Qe4 Qg7 33. g4 Re8 34. Nd5
Bxb2 35. Nxb6 Bf6 36. Nc4 Qg8 37. f5 Qg7 38. Bf4 Nd7 39. Nxd6 Re7 40. Nc4 h5
41. Bd6 hxg4 42. Bxe7 g3+ 43. Kg2 Qxe7 44. exd7 Qxd7 45. Kxg3 Qxa4 46. Qe6 Qa1
47. Qe3 Bd4 48. Qe8+ Kg7 49. Qg6+ Kh8 50. Nd6 Qg1+ 51. Kh4 Qe1+ 52. Kh5 Qd1+
53. Qg4 Qb3 54. Bc4 1-0

[Event "XXVII Memorial Edoardo Crespi A"]
[Site "Milano ITA"]
[Date "2006.12.09"]
[Round "4"]
[White "Bonade', Massimo"]
[Black "Stips, Felix"]
[Result "1-0"]
[WhiteElo "2097"]
[BlackElo "1944"]
[PlyCount "71"]
[EventDate "2006.12.07"]

1. d4 Nf6 2. c4 e6 3. Nc3 Bb4 4. e3 b6 5. Nge2 c5 6. a3 Ba5 7. Rb1 Na6 8. Qa4
Bb7 9. b4 Bc6 10. b5 Be4 11. Ra1 Nc7 12. dxc5 Bd3 13. Bd2 Qe7 14. c6 dxc6 15.
Nd4 Bxf1 16. Nxc6 Qd6 17. Rxf1 Nd7 18. Qc2 Ne5 19. Nxa5 bxa5 20. Ne4 Qd7 21.
Bxa5 O-O-O 22. Ke2 f5 23. Rfd1 Qe7 24. Bb4 Qh4 25. Nd6+ Kb8 26. h3 Rhg8 27. Qc3
Qh5+ 28. Kf1 f4 29. b6 axb6 30. Qd4 Na8 31. Qe4 Rd7 32. exf4 Nf7 33. Qxe6 Rgd8
34. Rd5 Qxd5 35. cxd5 Nxd6 36. Kg1 1-0

[Event "XXVII Memorial Edoardo Crespi A"]
[Site "Milano ITA"]
[Date "2006.12.09"]
[Round "4"]
[White "Bonazzi, Edoardo"]
[Black "Sardo, Gabriele"]
[Result "0-1"]
[WhiteElo "2142"]
[BlackElo "2258"]
[PlyCount "94"]
[EventDate "2006.12.07"]

1. Nf3 Nf6 2. c4 c5 3. Nc3 Nc6 4. g3 g6 5. d4 Bg7 6. Bg2 O-O 7. O-O d6 8. d5
Na5 9. Nd2 a6 10. Qc2 Rb8 11. b3 b5 12. Bb2 Bd7 13. Nd1 Qc7 14. Bc3 Rb7 15. e4
Rfb8 16. Ne3 Ng4 17. Nxg4 Bxg4 18. Rab1 bxc4 19. bxc4 Rxb1 20. Rxb1 Rxb1+ 21.
Nxb1 Bxc3 22. Qxc3 Qb6 23. Nd2 Qb4 24. Qc2 Bd7 25. Bf1 Qa3 26. Nb1 Qb4 27. Nd2
Nb7 28. Qc1 Qa4 29. Qb2 Qb4 30. Qc1 Na5 31. Be2 e6 32. Bd1 exd5 33. a3 Qb8 34.
exd5 Qe8 35. Bf3 Qe5 36. Bg2 Bg4 37. h3 Be2 38. Bf1 Bxf1 39. Nxf1 Qd4 40. Ne3
Nb3 41. Qc2 Nd2 42. Kg2 Kg7 43. h4 h5 44. Qd1 Qe4+ 45. Kg1 Nxc4 46. Nxc4 Qxc4
47. Qa1+ Qd4 0-1

[Event "XXVII Memorial Edoardo Crespi A"]
[Site "Milano ITA"]
[Date "2006.12.09"]
[Round "4"]
[White "Bosi, Clint"]
[Black "Bisignano, Giuseppe"]
[Result "1-0"]
[WhiteElo "2048"]
[BlackElo "1921"]
[PlyCount "147"]
[EventDate "2006.12.07"]

1. e4 e5 2. Nf3 Nc6 3. Bb5 a6 4. Ba4 Nf6 5. O-O Be7 6. Re1 b5 7. Bb3 d6 8. h3
Na5 9. c3 Nxb3 10. Qxb3 O-O 11. d4 Be6 12. Qc2 exd4 13. cxd4 c5 14. Nbd2 cxd4
15. Nxd4 Rc8 16. Qd3 Bc4 17. Qg3 Be6 18. N2f3 Qd7 19. Nxe6 Qxe6 20. Nd4 Qd7 21.
Nf5 g6 22. Bg5 Rc5 23. Nxe7+ Qxe7 24. Qf4 Nh5 25. Bxe7 Nxf4 26. Bxd6 Nxh3+ 27.
gxh3 Rg5+ 28. Kh2 Re8 29. Rac1 Re6 30. f4 Rh5 31. e5 h6 32. Rc8+ Kh7 33. Ra8
Rf5 34. Kg3 g5 35. Re4 h5 36. fxg5 Rxg5+ 37. Kf3 f6 38. Ra7+ Kg6 39. Re7 Rxe7
40. Bxe7 Rf5+ 41. Rf4 Rxe5 42. Bxf6 Re6 43. Bc3 Kg5 44. h4+ Kg6 45. a3 Rc6 46.
Re4 Rb6 47. Kf4 Rc6 48. Ke5 Rb6 49. Rf4 Rc6 50. Kd5 Rb6 51. Rf1 Kh7 52. Rf6 Rb7
53. Rxa6 Rc7 54. Rc6 Rd7+ 55. Ke6 Rb7 56. Kf5 Rd7 57. Rc5 Rb7 58. Kg5 Rb6 59.
Rc7+ Kg8 60. Kxh5 Re6 61. Rb7 Re8 62. Rxb5 Kf7 63. Rg5 Kf8 64. Rg7 Re6 65. Kg5
Re2 66. h5 Rg2+ 67. Kf5 Rf2+ 68. Kg6 Rh2 69. h6 Rg2+ 70. Kf5 Rf2+ 71. Ke4 Re2+
72. Kd3 Rh2 73. h7 Rh3+ 74. Ke4 1-0

[Event "XXVII Memorial Edoardo Crespi A"]
[Site "Milano ITA"]
[Date "2006.12.09"]
[Round "4"]
[White "Cavatorta, Fosco"]
[Black "Orsi, Matteo"]
[Result "0-1"]
[WhiteElo "1976"]
[BlackElo "1945"]
[PlyCount "120"]
[EventDate "2006.12.07"]

1. Nf3 Nf6 2. g3 d5 3. Bg2 c6 4. O-O g6 5. b3 Bg7 6. Bb2 O-O 7. d3 Bg4 8. h3
Bxf3 9. Bxf3 Nbd7 10. e4 e6 11. Nd2 Qc7 12. Re1 dxe4 13. dxe4 e5 14. Nc4 Ne8
15. Ba3 c5 16. Ne3 Nef6 17. Nd5 Nxd5 18. Qxd5 b6 19. Bb2 Rfd8 20. Rad1 Nf8 21.
Qc4 Ne6 22. Rd5 Ng5 23. Bg2 h5 24. Red1 Rxd5 25. Qxd5 Rc8 26. Qd7 Ne6 27. Qxc7
Rxc7 28. Rd5 f6 29. h4 Re7 30. Bh3 Nc7 31. Rd8+ Kf7 32. Bf1 Re8 33. Rd7+ Re7
34. Rd6 Ke8 35. Bh3 Na6 36. a3 Nc7 37. c4 Kf7 38. b4 cxb4 39. axb4 Ne6 40. Kf1
g5 41. hxg5 Nxg5 42. Bf5 Rc7 43. f4 exf4 44. gxf4 Nf3 45. c5 bxc5 46. bxc5 Nh4
47. Rd7+ Rxd7 48. Bxd7 Bf8 49. Ba3 Bh6 50. Bc1 Nf3 51. Kf2 Nd4 52. Ke3 Bxf4+
53. Kxf4 Ne2+ 54. Kf5 Nxc1 55. e5 fxe5 56. Kxe5 Ke7 57. c6 Nd3+ 58. Kd4 Nb4 59.
Kc5 Na6+ 60. Kb5 Nc7+ 0-1

[Event "XXVII Memorial Edoardo Crespi A"]
[Site "Milano ITA"]
[Date "2006.12.09"]
[Round "4"]
[White "Colica, Daniele"]
[Black "Romano', Fabio"]
[Result "0-1"]
[WhiteElo "1907"]
[BlackElo "1922"]
[PlyCount "88"]
[EventDate "2006.12.07"]

1. Nf3 d5 2. c4 c6 3. e3 Nf6 4. d4 g6 5. Bd3 Bg7 6. Nbd2 O-O 7. O-O Re8 8. Ne5
Nbd7 9. f4 Rf8 10. Qe2 Nxe5 11. fxe5 Bg4 12. Qe1 Ne8 13. Qg3 Be6 14. c5 f6 15.
exf6 exf6 16. Nf3 b6 17. b4 a5 18. cxb6 axb4 19. Bb2 Qxb6 20. Kh1 Qb8 21. Qh4
Nd6 22. Rfc1 Nc4 23. Qf2 Bh6 24. Re1 Nd6 25. e4 dxe4 26. Bxe4 Nxe4 27. Rxe4
Bxa2 28. Qh4 Bg7 29. Re7 Rf7 30. Rae1 Rxe7 31. Rxe7 Ra7 32. Rxa7 Qxa7 33. Qe1
Qb8 34. Nd2 Bd5 35. Nf1 Qd6 36. Ne3 Qe6 37. Qg3 Bf8 38. Ng4 Bd6 39. Qh4 g5 40.
Nh6+ Kg7 41. Qf2 Kxh6 42. h4 Qh3+ 43. Kg1 Qh2+ 44. Kf1 Bc4+ 0-1

[Event "XXVII Memorial Edoardo Crespi A"]
[Site "Milano ITA"]
[Date "2006.12.09"]
[Round "4"]
[White "Crippa, Gabriele"]
[Black "Rossi, Giampiero"]
[Result "1/2-1/2"]
[WhiteElo "2116"]
[BlackElo "1976"]
[PlyCount "87"]
[EventDate "2006.12.07"]

1. d4 d5 2. Nf3 c6 3. e3 Nf6 4. Bd3 g6 5. Nbd2 Bf5 6. Ne5 Bxd3 7. cxd3 Nbd7 8.
Ndf3 e6 9. Qe2 Nxe5 10. dxe5 Nd7 11. e4 Bg7 12. Bg5 Qa5+ 13. Bd2 Qb5 14. a4 Qb3
15. Bc3 dxe4 16. Nd2 exd3 17. Nxb3 dxe2 18. f4 O-O-O 19. Kxe2 Nb6 20. a5 Nd5
21. Bd2 Bf8 22. Ra4 Be7 23. Rc1 a6 24. Rac4 Nc7 25. Be3 Rd5 26. Bc5 Bxc5 27.
Nxc5 Rhd8 28. b4 Rd2+ 29. Kf3 R8d4 30. g3 Nb5 31. Ne4 R4d3+ 32. Kg4 Rxh2 33.
Kg5 Rh5+ 34. Kf6 Rf5+ 35. Kg7 h5 36. Rg1 Kc7 37. Nf6 Rd7 38. Nxd7 Kxd7 39. Rd1+
Ke7 40. Kh6 Nc7 41. Re4 Nd5 42. Rc1 Kd7 43. Kg7 Ke7 44. Kh6 1/2-1/2

[Event "XXVII Memorial Edoardo Crespi A"]
[Site "Milano ITA"]
[Date "2006.12.09"]
[Round "4"]
[White "Facchetti, Gianni"]
[Black "Marinone, Lucio"]
[Result "1-0"]
[WhiteElo "2121"]
[BlackElo "1980"]
[PlyCount "65"]
[EventDate "2006.12.07"]

1. e4 d6 2. d4 Nf6 3. Nc3 c6 4. h3 e5 5. Nf3 Nbd7 6. a4 Be7 7. Be2 exd4 8. Qxd4
O-O 9. O-O Qb6 10. a5 Qxd4 11. Nxd4 Nc5 12. f3 Rd8 13. Rd1 Ne6 14. Nf5 Bf8 15.
Be3 d5 16. exd5 Nc5 17. Nd4 Nxd5 18. Nxd5 Rxd5 19. Bc4 Re5 20. Bf2 Rg5 21. Kf1
Re5 22. a6 Re8 23. axb7 Bxb7 24. Nf5 Red8 25. Rxd8 Rxd8 26. Rxa7 Rb8 27. b4 Ra8
28. Rxa8 Bxa8 29. Bxc5 Bxc5 30. bxc5 Kf8 31. Nd6 f6 32. Ba6 Ke7 33. Nc8+ 1-0

[Event "XXVII Memorial Edoardo Crespi A"]
[Site "Milano ITA"]
[Date "2006.12.09"]
[Round "4"]
[White "Farachi, Francesco"]
[Black "Vignoli, Matteo"]
[Result "1-0"]
[WhiteElo "2101"]
[BlackElo "1975"]
[PlyCount "77"]
[EventDate "2006.12.07"]

1. e4 e5 2. Nf3 Nc6 3. Bc4 Bc5 4. d3 Nf6 5. O-O O-O 6. Bg5 d6 7. c3 a6 8. b4
Ba7 9. Nbd2 h6 10. Bh4 Be6 11. a4 Qe7 12. Re1 g5 13. Bg3 Kh7 14. Qc2 Nh5 15.
Rad1 f5 16. exf5 Bxf5 17. b5 axb5 18. axb5 Nb8 19. Bd5 c6 20. Be4 Qf6 21. d4
Nxg3 22. hxg3 Nd7 23. bxc6 bxc6 24. g4 Bg6 25. Qa4 d5 26. Bxd5 cxd5 27. Qxd7+
Rf7 28. Qxd5 Re8 29. Rxe5 Rd8 30. Qc4 Bb8 31. Re6 Qf4 32. Rde1 Rdf8 33. Qc6 Bc2
34. Rxh6+ Kg7 35. Rh5 Rf6 36. Re7+ Kg6 37. Reh7 Qxg4 38. R5h6+ Kf5 39. Qd5+ 1-0

[Event "XXVII Memorial Edoardo Crespi A"]
[Site "Milano ITA"]
[Date "2006.12.09"]
[Round "4"]
[White "Ferretti, Folco"]
[Black "Magrini, Fabrizio"]
[Result "1-0"]
[WhiteElo "2291"]
[BlackElo "2141"]
[PlyCount "63"]
[EventDate "2006.12.07"]

1. Nf3 Nf6 2. c4 g6 3. b4 Bg7 4. Bb2 d6 5. g3 c6 6. Bg2 O-O 7. O-O h6 8. Nc3
Be6 9. d3 Qd7 10. a4 a5 11. b5 Bh3 12. Qd2 e5 13. c5 Bxg2 14. Kxg2 Ne8 15. Qe3
f5 16. cxd6 Qxd6 17. Ba3 Qe6 18. Bxf8 Kxf8 19. d4 e4 20. Nd2 Nd7 21. Rab1 Nd6
22. bxc6 bxc6 23. Kh1 Re8 24. Rfd1 Kg8 25. Nb3 Nf6 26. f3 g5 27. Nxa5 f4 28.
gxf4 Qf5 29. fxg5 hxg5 30. Nxc6 g4 31. Rb8 Rxb8 32. Ne7+ 1-0

[Event "XXVII Memorial Edoardo Crespi A"]
[Site "Milano ITA"]
[Date "2006.12.09"]
[Round "4"]
[White "Festa, Samuele"]
[Black "Bozzali, Ermanno"]
[Result "1-0"]
[WhiteElo "2017"]
[BlackElo "2099"]
[PlyCount "84"]
[EventDate "2006.12.07"]

1. c4 f5 2. Nc3 Nf6 3. g3 d6 4. Bg2 e5 5. d3 Nc6 6. e3 g6 7. Nge2 Bg7 8. O-O
O-O 9. Rb1 Be6 10. Nd5 Qd7 11. b4 g5 12. b5 Nd8 13. f4 gxf4 14. exf4 c6 15.
Nxf6+ Bxf6 16. Qb3 Qf7 17. Ba3 Be7 18. Bb2 Bf6 19. a4 e4 20. dxe4 Bxc4 21. Qd1
fxe4 22. Bxe4 Qh5 23. Bf3 Qc5+ 24. Kg2 Ne6 25. Re1 Bxb2 26. Rxb2 Rae8 27. bxc6
bxc6 28. Rb7 Rb8 29. Qb1 Rxb7 30. Qxb7 d5 31. Qd7 Ng7 32. Ng1 Qb4 33. Re7 Qb2+
34. Be2 Nf5 35. Qe6+ Kh8 36. Re8 Rxe8 37. Qxe8+ Kg7 38. Qd7+ Kg8 39. Qxf5 Bxe2
40. Qe6+ Kg7 41. Qxe2 Qxe2+ 42. Nxe2 c5 1-0

[Event "XXVII Memorial Edoardo Crespi A"]
[Site "Milano ITA"]
[Date "2006.12.09"]
[Round "4"]
[White "Frigieri, Fabrizio"]
[Black "Cardani, Roberto"]
[Result "1-0"]
[WhiteElo "2088"]
[BlackElo "1903"]
[PlyCount "47"]
[EventDate "2006.12.07"]

1. e4 c5 2. Nf3 d6 3. d4 cxd4 4. Nxd4 Nf6 5. Nc3 a6 6. Bg5 e6 7. f4 Be7 8. Qf3
Qc7 9. O-O-O Nbd7 10. g4 b5 11. Bxf6 Nxf6 12. g5 Nd7 13. f5 Bxg5+ 14. Kb1 Ne5
15. Qh5 Qd8 16. Rg1 Bf6 17. fxe6 O-O 18. Bh3 Ng6 19. exf7+ Rxf7 20. Ne6 Qa5 21.
Nd5 Be5 22. Ng5 Bxh3 23. Qxh7+ Kf8 24. Qxg6 1-0

[Event "XXVII Memorial Edoardo Crespi A"]
[Site "Milano ITA"]
[Date "2006.12.09"]
[Round "4"]
[White "Giannetta, Paolo"]
[Black "Didoni, Renato"]
[Result "1-0"]
[WhiteElo "1980"]
[BlackElo "2076"]
[PlyCount "63"]
[EventDate "2006.12.07"]

1. d4 d5 2. Bg5 Nf6 3. Nc3 c6 4. Qd3 Nbd7 5. Nf3 Qc7 6. e4 g6 7. e5 Nh5 8. Be2
h6 9. Bd2 Ng7 10. Nh4 Nb6 11. g4 Nc4 12. Bc1 Be6 13. b3 Nb6 14. f4 Qd7 15. Rg1
h5 16. f5 gxf5 17. g5 O-O-O 18. Bf4 Kb8 19. O-O-O Ka8 20. a4 Qc7 21. Qd2 Bd7
22. e6 Qc8 23. exd7 Qxd7 24. a5 Nc8 25. Na4 e6 26. Kb2 Ne8 27. Ra1 Bd6 28. Nb6+
Nxb6 29. axb6 a6 30. Bxa6 bxa6 31. Rxa6+ Kb8 32. Qa5 1-0

[Event "XXVII Memorial Edoardo Crespi A"]
[Site "Milano ITA"]
[Date "2006.12.09"]
[Round "4"]
[White "Johansson, Alexander"]
[Black "Cazzaniga, Walter"]
[Result "0-1"]
[WhiteElo "2021"]
[BlackElo "2159"]
[PlyCount "72"]
[EventDate "2006.12.07"]

1. d4 Nf6 2. Nf3 g6 3. g3 Bg7 4. Bg2 O-O 5. O-O d6 6. c4 c6 7. Nc3 a6 8. e4 b5
9. cxb5 axb5 10. e5 Ne8 11. exd6 Nxd6 12. Ne5 Qb6 13. Bf4 Ra7 14. Re1 Nf5 15.
d5 c5 16. Nc6 Nxc6 17. dxc6 Nd4 18. Nd5 Qa6 19. Bb8 Nxc6 20. Bxa7 Qxa7 21. Qe2
c4 22. a4 Nd4 23. Nxe7+ Kh8 24. Qe3 Be6 25. Nd5 Qd7 26. Nb4 bxa4 27. Rad1 Qb5
28. Qa3 Rb8 29. Rxd4 Bxd4 30. Nc6 Bxb2 31. Qd6 Re8 32. Nd4 Bxd4 33. Qxd4+ Kg8
34. Bd5 Bxd5 35. Rxe8+ Qxe8 36. Qxd5 Qc8 0-1

[Event "XXVII Memorial Edoardo Crespi A"]
[Site "Milano ITA"]
[Date "2006.12.09"]
[Round "4"]
[White "Locatelli, Andrea"]
[Black "D'Apa, Matteo"]
[Result "1-0"]
[WhiteElo "2138"]
[BlackElo "2026"]
[PlyCount "149"]
[EventDate "2006.12.07"]

1. e4 e5 2. Nf3 Nc6 3. Bb5 a6 4. Bxc6 dxc6 5. O-O Bg4 6. h3 h5 7. d3 Qf6 8. Re1
Bxf3 9. Qxf3 Qxf3 10. gxf3 Bd6 11. f4 f6 12. f5 Ne7 13. Kh1 g5 14. Be3 Kf7 15.
a3 a5 16. a4 Rag8 17. Kg2 c5 18. Na3 Nc6 19. c3 Rd8 20. Nb5 Rd7 21. Rad1 Rhd8
22. Kf3 Be7 23. Ke2 h4 24. f3 b6 25. Rd2 Ke8 26. Red1 Nb8 27. b3 Kf7 28. Na3
Nc6 29. Nc2 Ke8 30. d4 cxd4 31. cxd4 exd4 32. Nxd4 Nxd4+ 33. Rxd4 Rxd4 34. Rxd4
Bd6 35. Rc4 c5 36. Rc1 Kd7 37. Rd1 Kc7 38. Rd5 Rb8 39. Bg1 Rb7 40. Kd3 Kc6 41.
Kc4 Re7 42. Be3 Re8 43. Rd1 Rb8 44. Bc1 Be5 45. Rd5 Re8 46. Ba3 Bd4 47. Bc1 Re7
48. Bd2 g4 49. fxg4 Rxe4 50. Rd8 Re2 51. Kd3 Rh2 52. Bf4 Rxh3+ 53. Ke4 Rxb3 54.
Rc8+ Kd7 55. Rc7+ Kd8 56. Rh7 Rb4 57. Kd5 Be5 58. Bxe5 fxe5 59. Kxe5 Rxg4 60.
f6 Rg1 61. Kd6 Rd1+ 62. Kc6 Ke8 63. Kxb6 Rh1 64. Kxc5 h3 65. Kb5 h2 66. Kxa5
Kf8 67. f7 Rf1 68. Rxh2 Kxf7 69. Re2 Rf5+ 70. Kb6 Kg7 71. Rc2 Kf7 72. a5 Ke7
73. a6 Rf1 74. Rb2 Kd8 75. a7 1-0

[Event "XXVII Memorial Edoardo Crespi A"]
[Site "Milano ITA"]
[Date "2006.12.09"]
[Round "4"]
[White "Martinez, Rolly"]
[Black "Salvador, Roland"]
[Result "1/2-1/2"]
[WhiteElo "2411"]
[BlackElo "2455"]
[PlyCount "33"]
[EventDate "2006.12.07"]

1. d4 g6 2. Nf3 Bg7 3. Bf4 Nf6 4. e3 O-O 5. c4 d6 6. Nc3 Bg4 7. Be2 Nbd7 8. h3
Bxf3 9. Bxf3 c6 10. O-O Re8 11. Bh2 e5 12. dxe5 Nxe5 13. Bxe5 dxe5 14. Qxd8
Raxd8 15. Rfd1 Kf8 16. Rxd8 Rxd8 17. Rd1 1/2-1/2

[Event "XXVII Memorial Edoardo Crespi A"]
[Site "Milano ITA"]
[Date "2006.12.09"]
[Round "4"]
[White "Mastroddi, Emiliano"]
[Black "Astengo, Marcello"]
[Result "0-1"]
[WhiteElo "2074"]
[BlackElo "2110"]
[PlyCount "112"]
[EventDate "2006.12.07"]

1. e4 c6 2. d4 d5 3. Nc3 dxe4 4. Nxe4 Nf6 5. Ng3 e5 6. Nf3 exd4 7. Qxd4 Nbd7 8.
Bd3 Bc5 9. Qh4 Qe7+ 10. Ne2 O-O 11. O-O Re8 12. Bd2 Ne5 13. Nxe5 Qxe5 14. Bc3
Qe7 15. Bxf6 Qxf6 16. Bxh7+ Kf8 17. Qxf6 gxf6 18. Bd3 Bg4 19. Ng3 Re5 20. Ne4
Be7 21. f4 Rd5 22. Nc3 Rd4 23. h3 Bc8 24. Rad1 Bb4 25. Ne2 Rd8 26. a3 Bc5+ 27.
Kh1 a6 28. Ng3 b5 29. Be4 Bb7 30. Rd3 Rxd3 31. Bxd3 Bd4 32. c3 Bb6 33. Ne4 Rd8
34. Rd1 c5 35. Nxf6 c4 36. Bc2 Rxd1+ 37. Bxd1 Be3 38. b3 Ke7 39. Ng4 Bxf4 40.
bxc4 bxc4 41. Be2 Bd5 42. Nf2 Kd6 43. Kg1 a5 44. a4 Bd2 45. Nd1 Kc5 46. h4 Bc6
47. Nb2 Bxc3 48. Nxc4 Bxa4 49. Na3 Kb4 50. Nb1 Bd4+ 51. Kf1 Bc2 52. Nd2 a4 53.
Nc4 Bb3 54. Nd2 Bd5 55. Bd3 Kc3 56. Bb5 Kxd2 0-1

[Event "XXVII Memorial Edoardo Crespi A"]
[Site "Milano ITA"]
[Date "2006.12.09"]
[Round "4"]
[White "Nannelli, Paolo"]
[Black "Galli, Fabio"]
[Result "1/2-1/2"]
[WhiteElo "2182"]
[BlackElo "2066"]
[PlyCount "63"]
[EventDate "2006.12.07"]

1. c4 c6 2. g3 d5 3. Bg2 Nf6 4. Nf3 e6 5. O-O Bd6 6. d4 Nbd7 7. Nbd2 O-O 8. Qc2
b6 9. e4 dxe4 10. Ng5 Bb7 11. Ngxe4 Nxe4 12. Nxe4 Be7 13. Rd1 Nf6 14. Nc3 Qc7
15. Bf4 Bd6 16. Bg5 Be7 17. Qe2 Rad8 18. Rac1 h6 19. Bf4 Bd6 20. Be3 Qe7 21.
Re1 Rd7 22. Bh3 Rc7 23. c5 bxc5 24. dxc5 Bxc5 25. Bxc5 Qxc5 26. Nb5 cxb5 27.
Rxc5 Rxc5 28. Bg2 Bxg2 29. Kxg2 Rfc8 30. h3 Nd5 31. Rd1 a5 32. Rd2 1/2-1/2